الكشاف التحليلي للمؤتمر الدوالي التاريخ بلاد الشام / (رقم التسجيلة. 21949)

تفاصيل مارك
000 -LEADER
fixed length control field 00765nam a22002177a 4500
005 - DATE AND TIME OF LATEST TRANSACTION
control field 20251108165211.0
008 - FIXED-LENGTH DATA ELEMENTS--GENERAL INFORMATION
fixed length control field 250721s1990 xx 000 0 ara d
082 14 - DEWEY DECIMAL CLASSIFICATION NUMBER
Classification number 956/محم
100 1# - MAIN ENTRY--PERSONAL NAME
Personal name درويش، محمد تيسير
111 2# - MAIN ENTRY--MEETING NAME
Meeting name or jurisdiction name as entry element المؤتمر الأول - الرابع (1974-1987: عمان)
245 10 - TITLE STATEMENT
Title الكشاف التحليلي للمؤتمر الدوالي التاريخ بلاد الشام /
264 1# - PRODUCTION, PUBLICATION, DISTRIBUTION, MANUFACTURE, AND COPYRIGHT NOTICE
Place of production, publication, distribution, manufacture عمان :
Name of producer, publisher, distributor, manufacturer لجنة تاريخ بلاد الشام،
Date of production, publication, distribution, manufacture, or copyright notice 1990.
300 ## - PHYSICAL DESCRIPTION
Extent 129ص
650 17 - SUBJECT ADDED ENTRY--TOPICAL TERM
Topical term or geographic name as entry element بلاد الشام
650 17 - SUBJECT ADDED ENTRY--TOPICAL TERM
Topical term or geographic name as entry element التاريخ
650 17 - SUBJECT ADDED ENTRY--TOPICAL TERM
Topical term or geographic name as entry element الكشافات
700 1# - ADDED ENTRY--PERSONAL NAME
Personal name البخيت، عدول سلامه
700 1# - ADDED ENTRY--PERSONAL NAME
Personal name البخيت، محمد عدنان
Relator term إشراف
942 ## - ADDED ENTRY ELEMENTS (KOHA)
Source of classification or shelving scheme Dewey Decimal Classification
Koha item type كتب
المقتنيات
حالة السحب حالة الفقدان مصدر التصنيف حالة التلف غير قابل للإعارة المكتبة الرئيسية المكتبة الحالية موقع الرف تاريخ التزويد الرقم المتسلسل Total Checkouts رقم الإستدعاء تاريخ آخر ظهور تاريخ الفاتورة نوع المادة (كوها)
    Dewey Decimal Classification Unchecked   المكتبة المركزية المكتبة المركزية الإعارة 06/07/2004 200849   956/محم 28/07/2025 06/07/2004 كتب
    Dewey Decimal Classification Unchecked   مكتبة الأميرة ايمان العامة مكتبة الأميرة ايمان العامة الإعارة 06/07/2004 2564   956/محم 28/07/2025 06/07/2004 كتب
Implemented & Customized by: BBB with SCIT (Smart Chains for Information Technology)

Powered by Koha